书目信息 |
| 题名: |
英汉物理学词汇
|
|
| 作者: | ;《物理学词汇》编辑小组 编 | |
| 分册: | ||
| 出版信息: | 北京 科学出版社 1975.5 |
|
| 页数: | 388页 | |
| 开本: | 20cm | |
| 丛书名: | ||
| 单 册: | ||
| 中图分类: | O4-61 | |
| 科图分类: | ||
| 主题词: | 物理学 | |
| 电子资源: | ||
| ISBN: | ||
| 000 | 00595nam0 2200193 45 | |
| 001 | 0312221749 | |
| 005 | 20060811144701.90 | |
| 010 | @dCNY2.00 | |
| 091 | @a17031.35 | |
| 100 | @a20031222d1975 km y0chiy0120 ea | |
| 101 | @achi | |
| 200 | 1 | @a英汉物理学词汇@AYing Han Wu Li Xue Ci Hui@f《物理学词汇》编辑小组编@F《wu li xue ci hui》bian ji xiao zu bian |
| 210 | @a北京@c科学出版社@d1975.5 | |
| 215 | @a388页@d20cm | |
| 606 | 0 | @a物理学 |
| 690 | @aO4-61@v3 | |
| 711 | 0 | @a《物理学词汇》编辑小组@A《wu li xue ci hui》bian ji xiao zu@4编 |
| 801 | @aCN@bTSTCL@c20060811 | |
| 905 | @a213230@dO4-61@e112 | |
| 英汉物理学词汇/《物理学词汇》编辑小组编.-北京:科学出版社,1975.5 |
| 388页;20cm |
| ISBN :CNY2.00 |
| ● |
| 相关链接 |
|
|
|
|
正题名:英汉物理学词汇
索取号:O4-61/112
 
预约/预借
| 序号 | 登录号 | 条形码 | 馆藏地/架位号 | 状态 | 备注 |
| 1 | 0049543 | 000877420 | 密集书库/ [索取号:O4-61/112] | 在馆 | |
| 2 | 0073406 | 202442945 | 第三借阅区/ [索取号:O4-61/112] | 在馆 | |
| 3 | 0164480 | 202133869 | 第三借阅区/ [索取号:O4-61/112] | 在馆 | |
| 4 | 0448654 | 204486546 | 密集书库/ [索取号:O4-61/112] | 在馆 | |
| 5 | 0452226 | 204522267 | 密集书库/ [索取号:O4-61/112] | 在馆 |